| 000 | 02123nam a22003137a 4500 | ||
|---|---|---|---|
| 005 | 20091015142441.0 | ||
| 010 | _aENG-95129 B-424017-021 | ||
| 020 |
_a9780070146136 _c375.00 |
||
| 020 |
_a0070146136 _c375.00 |
||
| 035 | _aEN-78662 | ||
| 035 | _aB-424017-021 | ||
| 037 | _bDBAD/PUB | ||
| 037 | _bResearchco Book Centre | ||
| 082 | _a621.3 | ||
| 100 |
_aRavish R. Singh _931672 |
||
| 245 |
_aBasic electrical and electronics engineering / _cby Ravish R. Singh |
||
| 260 |
_aNew Delhi _bTata McGraw Hill Education _c2010 |
||
| 270 |
_aTata McGraw Hill Education Private Limited, 7 West Patel Nagar _bNew Delhi _e110008 |
||
| 300 |
_aVarious pagings _c24cm (Pbk) |
||
| 500 | _aIncludes index | ||
| 942 |
_2ddc _cEN _mRAV _h621.3 |
||
| 999 |
_c30945 _d30945 |
||